[Event "Carballo Concello 6th"]
[Site "Carballo"]
[Date "2023.08.25"]
[Round "1"]
[White "Gonzalez Chas Pico, Matias"]
[Black "Strikovic, Aleksa"]
[Result "0-1"]
[WhiteElo "1302"]
[BlackElo "2456"]
[PlyCount "63"]
[EventDate "2023.08.25"]
[EventType "swiss"]
[EventRounds "9"]
[EventCountry "ESP"]
[SourceTitle "CBM 216 Extra"]
[Source "ChessBase"]
[SourceDate "2023.11.30"]
[SourceVersion "1"]
[SourceVersionDate "2023.11.30"]
[SourceQuality "1"]

1. Nf3 c5 2. c4 Nf6 3. Nc3 Nc6 4. g3 d5 5. cxd5 Nxd5 6. Bg2 Nc7 7. d3 e5 8. 0-0 Be7 9. Bd2 0-0 10. Rc1 f6 11. Ne4 Ne6 12. h4 b6 13. Re1 Bd7 14. Nc3 Be8 15. Qb3 Bf7 16. Nd5 Rc8 17. e4 Nc7 18. Nh2 Nxd5 19. exd5 Nd4 20. Qa4 a5 21. f4 exf4 22. Bxf4 Bd6 23. Qd1 Bxf4 24. gxf4 Bxd5 25. Qg4 Bxa2 26. Nf3 Bf7 27. Kh1 Nxf3 28. Bxf3 Rc7 29. Rc2 Qxd3 30. Be4 Bd5 31. Qf5 Bxe4+ 32. Kg1 0-1